| 000 | 01098nac a22002777a 4500 | ||
|---|---|---|---|
| 001 | BR7000844 | ||
| 003 | BR-BrBNA | ||
| 005 | 20240105113407.0 | ||
| 008 | 230509b bl.|||m| |||| 00| 0 por d | ||
| 040 |
_aBR-BrBNA _bpor _cBiblioteca Nacional de Agricultura |
||
| 072 | _aF24; F23 | ||
| 090 | _aF24 BR7000844 | ||
| 110 | 1 |
_aMinisterio da Agricultura, Rio de Janeiro, GB (Brasil). Equipe de Pedologia e Fertilidade do Solo _96947 |
|
| 245 | 1 | _aLevantamento de reconhecimento dos solos da zona de Iguatemi Mato Grosso, 2: interpretacao para uso agricola dos solos da zona de Iguatemi Mato Grosso [Brasil] | |
| 260 | 3 |
_aRio de Janeiro, GB (Brasil): _c1970. |
|
| 300 | _a99 p. | ||
| 490 |
_aBoletim Tecnico - Ministerio da Agricultura. Equipe de Pedologia e Fertilidade do solo (Brazil) _vno. 10 _x |
||
| 500 | _a10 illus.; 25 ref.; 11 tables; 4 Maps (scale 1:300,00 to 1:120,00) | ||
| 650 | _aSOLO | ||
| 650 | _aHORIZONTE | ||
| 650 | _aPERFIL DO SOLO | ||
| 650 | _aAPTIDAO AGRICOLA | ||
| 650 | _aMATO GROSSO | ||
| 909 |
_a202312 _bLúcia Elande _c55 _dLúcia Elande |
||
| 942 |
_2AGRIS _n0 _cMS |
||
| 999 |
_c263478 _d263478 |
||